000 00598cam a2200229 a 4500
001 2788306
005 20180302041916.0
008 811021s1982 ilu b 001 0 eng
010 _a 81016227
020 _a0226780066
040 _aDLC
_cDLC
_dDLC
041 _aeng
043 _an-us---
080 _a305.23 POL
082 0 0 _a305.23 POL
_219
100 1 _a50
101 _aSOC
245 1 4 _aThe erosion of childhood /
_cValerie Polakow Suransky.
504 _aIncludes bibliographical references and index.
906 _a7
_bcbc
_corignew
_d1
_eocip
_f19
_gy-gencatlg
942 _2ddc
_cBK
999 _c43965
_d43965